00403nam a2200133Ia 4500008004100000100002200041245007800063260000900141300001500150504000800165650003000173700002100203773004500224181130s2018 xx 000 0 und d aAttanasio, Orazio aHoly cows or cash cows?:bthe economic return to livestock in rural India c2018 ap.307-330. dJan aLivestocks, Rural - India aAugsburg, Britta aEconomic Development and Cultural Change